| 000 | 00524cam a22001577a 4500 | ||
|---|---|---|---|
| 008 | 180718b1992 xxu||||| |||| 00| 0 eng d | ||
| 082 | _aT19 M13 | ||
| 100 | _aMcCarthy, F. Desmond | ||
| 245 |
_aEconomic shocks and the global environment _cby F. Desmond McCarthy and Ashok Dhareshwar |
||
| 260 |
_aWashington, D.C. _bIBRD _c1992 |
||
| 300 | _av.p. | ||
| 440 | _aIBRD Working Papers: WPS 870 | ||
| 650 | _aEconomic Development | ||
| 700 | _aDhareshwar, Ashok, jt. auth. | ||
| 700 | _aIBRD. International Economics Department | ||
| 999 |
_c226832 _d226832 |
||